Countries that voted against condemning North Korea at least once - Statistics

General Stats
  • This quiz has been taken 65 times
  • The average score is 21 of 37
Answer Stats
Hint Answer % Correct
Russia
100%
China
91%
Cuba
84%
Iran
84%
Belarus
78%
Laos
78%
Syria
78%
Vietnam
78%
North Korea North Korea
75%
Venezuela
75%
Libya
66%
Pakistan
66%
Would vote against now Eritrea
63%
Myanmar
63%
Would vote against now Nicaragua
63%
Turkmenistan
63%
Algeria
59%
Democratic Republic of the Congo
59%
Sudan
59%
Uzbekistan
59%
Tajikistan
56%
Egypt
53%
Indonesia
50%
Now Condemns Malaysia
50%
Zimbabwe
50%
Congo
47%
Would vote against now Mali
47%
Somalia
47%
Now Condemns Ecuador
44%
Bolivia
41%
Oman
41%
Burundi
34%
Guinea
31%
Namibia
31%
Equatorial Guinea
25%
Sri Lanka
25%
Now Condemns Gambia
19%
No matching quizzes found
Score Distribution
Percent of People with Each Score
Percentile by Number Answered
Your Score History
You have not taken this quiz